| 000 | 00428cam a22001217a 4500 | ||
|---|---|---|---|
| 008 | 180718b1967 xxu||||| |||| 00| 0 eng d | ||
| 082 | _aT16 In8ct | ||
| 245 |
_aReport of the ''regional seminar on cooperative training'' _cby International Cooperative Alliance, India |
||
| 260 |
_aDelhi _bInternational Cooperative Alliance _c1967 |
||
| 300 | _a18p. | ||
| 650 | _aCo-operative | ||
| 700 | _aIndia. International Cooperative Alliance | ||
| 999 |
_c500978 _d500978 |
||